• 首页
  • 本馆介绍
  • 公告通知
  • 最新文献
  • 馆藏检索
  • 电子资源
  • 读者导购
  • 参考咨询
  • 我的图书馆
  • 登录
  • 详细信息显示
  • 放入我的书架
  • 预约/预借图书
  • 作者相关作品
  • 分类相关作品
  • 丛书相关作品
  • 出版社相关作品

书目信息

  • 表格格式
  • 工作单格式
  • 卡片格式
题名:
最新排球训练理论与实践
    
 
作者: 葛春林 主编
分册:  
出版信息: 北京   北京体育大学出版社  2003
页数: 255页
开本: 20cm
丛书名: 高水平运动训练新思维新方法丛书
单 册:
中图分类: G842.2
科图分类:
主题词: 排球运动--运动训练
电子资源:
ISBN: 7-81051-856-9
000 00683nam2 2200217 45
001 0404081535
005 20040408150507.1
010    @a7-81051-856-9@dCNY16.00
100    @a20040408d2003 km y0chiy0120 ea
101 0  @achi
105    @a z 000yy
200 1  @a最新排球训练理论与实践@AZui Xin Pai Qiu Xun Lian Li Lun Yu Shi Jian@f葛春林主编@FGe Chun Lin Zhu Bian
210    @a北京@c北京体育大学出版社@d2003
215    @a255页@d20cm
225    @a高水平运动训练新思维新方法丛书
410    @12001 @a高水平运动训练新思维新方法丛书
606 0  @a排球运动@x运动训练
690    @aG842.2@v4
701  0 @a葛春林@4主编
801    @aCN@bTSTC@c20040408
905    @b331196-200@dG842.2@e139@f5
    
    最新排球训练理论与实践/葛春林主编.-北京:北京体育大学出版社,2003
    255页;20cm.-(高水平运动训练新思维新方法丛书)
    
    
    ISBN 7-81051-856-9:CNY16.00
    
●
相关链接 在E读中查询图书 在五车中查询图书 在当当中查询图书 在豆瓣中查询图书


正题名:最新排球训练理论与实践     索取号:G842.2/139         预约/预借

序号 登录号 条形码 馆藏地/架位号 状态 备注
1 0331196   203311969   第四借阅区/ [索取号:G842.2/139] 在馆    
2 0331197   203311978   第四借阅区/ [索取号:G842.2/139] 在馆    
3 0331198   203311987   第四借阅区/ [索取号:G842.2/139] 在馆    
4 0331199   203311996   第四借阅区/ [索取号:G842.2/139] 在馆    
5 0331200   203312003   第一样本阅览室/ [索取号:G842.2/139] 在馆    
唐山师范学院图书馆 欢迎您!
大连网信软件有限公司© 版权所有